000 00414nam a2200181Ia 4500
005 20250423100442.0
008 250422s9999 xx 000 0 und d
020 _a0-9635306-9-0
050 _aHQ755.S35
100 _aBobbie Sandoz
245 0 _aParachutes for Parents
260 _aHawaii
260 _bFamily Work Publications
260 _c1993
300 _a383 p
650 _aParenting
942 _cBK
999 _c33348
_d33348